Το πουκάμισο του καθηγητή : κι άλλα διηγήματα

Αποθηκεύτηκε σε:
Λεπτομέρειες βιβλιογραφικής εγγραφής
Κύριος συγγραφέας: Πλασκοβίτης, Σπύρος Η., 1917-2000
Μορφή: Βιβλίο
Γλώσσα:Greek
Δημοσίευση: Αθήνα : Κέδρος, 1993
Έκδοση:2η έκδ.
Θέματα:
Ετικέτες: Προσθήκη ετικέτας
Δεν υπάρχουν, Καταχωρήστε ετικέτα πρώτοι!

MARC

LEADER 00000cam a2200000 i 4500
001 1/88333
008 051031s1993 gre d
020 |a 960-04-0779-7 
035 |l 10081053 
040 |a GR-MY-UA  |b gre  |e aacr 
041 0 |a gre 
082 0 |a 889.334  |2 (22) 
100 1 |a Πλασκοβίτης, Σπύρος Η.,   |d 1917-2000. 
245 1 3 |a Το πουκάμισο του καθηγητή :  |b κι άλλα διηγήματα /  |c Σπύρος Πλασκοβίτης 
250 |a 2η έκδ. 
260 |a Αθήνα :   |b Κέδρος,   |c 1993 
300 |a 190 σ.;  |c 21 εκ. 
650 0 0 |a Greek fiction, Modern. 
852 |a INST  |b CHIOS  |e 20051031  |h 889.334 ΠΛΑ  |p 005200024547  |q 005200024547  |t BK  |y 0 
901 |a BIBL2-2005-3 
909 |a Χ  |b 119690 
970 |a ΣΑΛΑΜΟΥΡΑ  |b ΜΑΡΙΑ  |z 2005/10/31